[Event "ACP-Knockout-2020-Open R1"]
[Site "Emanuel Lasker Arena"]
[Date "2020.07.24"]
[Round "1.1"]
[White "Mikhail kobalia"]
[Black "Anastasia3003"]
[Result "1/2-1/2"]
[WhiteElo "2653"]
[BlackElo "1620"]
[Annotator "NA"]
[PlyCount "76"]
[EventDate "2020.07.24"]
[EventType "match (blitz)"]

1. e4 {[%emt 0:00:08]} c5 {[%emt 0:00:04]} 2. Nf3 {[%emt 0:00:02]} d6 {[%emt 0:00:09]} 3. Bb5+ {[%emt 0:00:03]} Bd7 {[%emt 0:00:04]} 4. Bxd7+ {[%emt 0:00:01]} Qxd7 {[%emt 0:00:08]} 5. O-O {[%emt 0:00:02]} Nf6 {[%emt 0:00:02]} 6. Re1 {[%emt 0:00:11]} Nc6 {[%emt 0:00:21]} 7. c3 {[%emt 0:00:05]} e6 {[%emt 0:00:01]} 8. d4 {[%emt 0:00:02]} cxd4 {[%emt 0:00:02]} 9. cxd4 {[%emt 0:00:01]} d5 {[%emt 0:00:03]} 10. e5 {[%emt 0:00:01]} Ne4 {[%emt 0:00:01]} 11. Nbd2 {[%emt 0:00:03]} Nxd2 {[%emt 0:00:06]} 12. Bxd2 {[%emt 0:00:01]} Be7 {[%emt 0:00:02]} 13. Rc1 {[%emt 0:00:02]} O-O {[%emt 0:00:01]} 14. Rc3 {[%emt 0:00:01]} f6 {[%emt 0:00:34]} 15. exf6 {[%emt 0:00:07]} Rxf6 {[%emt 0:00:02]} 16. Rce3 {[%emt 0:00:21]} Bd6 {[%emt 0:00:23]} 17. Qe2 {[%emt 0:00:37]} Raf8 {[%emt 0:00:37]} 18. Bc3 {[%emt 0:00:10]} Nd8 {[%emt 0:00:26]} 19. a3 {[%emt 0:01:03]} Bf4 {[%emt 0:01:38]} 20. Rd3 {[%emt 0:00:06]} Nc6 {[%emt 0:00:06]} 21. Bd2 {[%emt 0:00:27]} Qd6 {[%emt 0:01:15]} 22. Ne5 {[%emt 0:01:11]} Bxd2 {[%emt 0:01:06]} 23. Rxd2 {[%emt 0:00:20]} Rxf2 {[%emt 0:00:41]} 24. Qxf2 {[%emt 0:00:06]} Rxf2 {[%emt 0:00:02]} 25. Kxf2 {[%emt 0:00:05]} Nxe5 {[%emt 0:00:29]} 26. Rxe5 {[%emt 0:00:05]} Qc6 {[%emt 0:00:04]} 27. Re3 {[%emt 0:00:46]} Qc1 {[%emt 0:00:31]} 28. Red3 {[%emt 0:00:35]} Kf7 {[%emt 0:00:10]} 29. Re2 {[%emt 0:00:11]} g6 {[%emt 0:01:32]} 30. h4 {[%emt 0:02:05]} b5 {[%emt 0:00:15]} 31. Kg3 {[%emt 0:00:17]} a5 {[%emt 0:00:51]} 32. Rc3 {[%emt 0:01:22]} Qd1 {[%emt 0:00:33]} 33. Rc7+ {[%emt 0:00:04]} Kf8 {[%emt 0:00:04]} 34. Rf2+ {[%emt 0:00:12]} Kg8 {[%emt 0:00:02]} 35. Rc8+ {[%emt 0:01:35]} Kg7 {[%emt 0:00:01]} 36. Rc7+ {[%emt 0:00:01]} Kg8 {[%emt 0:00:01]} 37. Rc8+ {[%emt 0:00:23]} Kg7 {[%emt 0:00:01]} 38. Rc7+ {[%emt 0:00:01]} Kg8 {[%emt 0:00:07] (Lag: Av=0.39s, max=0.9s)} 1/2-1/2

[Event "ACP-Knockout-2020-Open R1"]
[Site "Emanuel Lasker Arena"]
[Date "2020.07.24"]
[Round "1.1"]
[White "Dr-Bassem"]
[Black "Keti Grant"]
[Result "1-0"]
[WhiteElo "2596"]
[BlackElo "1818"]
[Annotator "TA"]
[PlyCount "79"]
[EventDate "2020.07.24"]
[EventType "match (blitz)"]

{[%evp 18,79,13,-6,0,0,27,-60,0,-58,51,35,56,44,93,89,125,81,97,85,229,226,245,215,241,204,226,233,202,206,221,175,180,154,155,157,149,156,139,132,302,285,285,287,275,247,273,223,220,161,167,156,156,161,233,220,229,202,256,197,535,525,29997,29998]} 1. e4 c5 2. Nf3 e6 3. d3 Nc6 4. g3 d5 5. Nbd2 g6 6. Bg2 Bg7 7. O-O Nge7 8. Re1 O-O 9. h4 h6 10. e5 f6 {A08: King's Indian Attack.} 11. exf6 Rxf6 12. Nf1 (12. c3 $11) 12... Qd6 (12... Rf7 $15) 13. Ne3 {[#]} (13. c4 $11) 13... e5 $146 (13... Rf7 $15) ({Predecessor:} 13... Kh7 14. c4 Bd7 15. Rb1 Raf8 16. a3 a5 17. b3 R6f7 18. Bb2 Nd4 19. Bxd4 cxd4 {0-1 (48) Movsziszian,K (2505)-De la Riva Aguado,O (2530) Spain 1998}) 14. c4 $14 d4 {[#]} 15. Nd5 $1 {[%cal Rd5f6][%mdl 512]} Rf7 (15... Nxd5 16. cxd5) 16. Nd2 Nf5 17. Ne4 $36 {[%mdl 2048] White is in control.} Qf8 18. a3 Be6 (18... Nd6 $16) 19. b4 cxb4 20. axb4 Bxd5 21. cxd5 Nxb4 22. Ba3 a5 23. h5 gxh5 24. Qxh5 Rd8 25. Re2 {[%mdl 1024] White has strong compensation.} Nd6 26. Nc5 Rf5 27. Qg4 Qf7 28. Ne6 Rd7 $2 {This costs Black the game.} (28... Rb8 $16 {was called for.} 29. Rb2 h5) 29. Bxb4 $18 axb4 30. Ra8+ Kh7 31. Rb2 Rf6 32. Qh4 {[#] Threatens to win with Ng5+.} ({Don't take} 32. Nxg7 $6 Qxg7 33. Be4+ Nxe4 $16) 32... Qg6 33. g4 Rxe6 34. dxe6 Qxe6 35. Rxb4 Bf6 (35... e4 $142) 36. Qh5 Bg5 37. Rb6 {Be4+ is the strong threat.} Kg7 38. Be4 {Strongly threatening Bf5.} Qf6 $2 (38... Bd8 {is tougher.}) 39. Bd5 Qf4 40. Rg8+ {Accuracy: White = 77%, Black = 43%.} 1-0

[Event "ACP-Knockout-2020-Open R1"]
[Site "Emanuel Lasker Arena"]
[Date "2020.07.24"]
[Round "1.1"]
[White "Murzin"]
[Black "Devil1234"]
[Result "1-0"]
[WhiteElo "2020"]
[BlackElo "2332"]
[Annotator "NA"]
[PlyCount "89"]
[EventDate "2020.07.24"]
[EventType "match (blitz)"]

{Murzin, Volodar} 1. e4 {[%emt 0:00:01]} c6 {[%emt 0:00:07]} 2. d4 {[%emt 0:00:02]} d5 {[%emt 0:00:02]} 3. f3 {[%emt 0:00:06]} g6 {[%emt 0:00:03] (Lag: Av=0.69s, max=0.7s) Black restart ok. White restart ok.} 4. Nc3 {[%emt 0:00:17]} Bg7 {[%emt 0:00:09]} 5. e5 {[%emt 0:00:28]} f6 {[%emt 0:00:35]} 6. f4 {[%emt 0:00:16]} Nh6 {[%emt 0:00:10]} 7. Nf3 {[%emt 0:00:03]} Bg4 {[%emt 0:00:09]} 8. Be2 {[%emt 0:00:10]} O-O {[%emt 0:00:51]} 9. h3 {[%emt 0:00:04]} Bxf3 {[%emt 0:00:05]} 10. Bxf3 {[%emt 0:00:00]} Nf5 {[%emt 0:00:36]} 11. Ne2 {[%emt 0:00:14]} Nh4 {[%emt 0:00:52]} 12. O-O {[%emt 0:00:03]} fxe5 {[%emt 0:00:42]} 13. dxe5 {[%emt 0:00:04]} Nxf3+ {[%emt 0:00:03]} 14. Rxf3 {[%emt 0:00:00]} c5 {[%emt 0:00:40]} 15. h4 {[%emt 0:00:30]} h5 {[%emt 0:00:12]} 16. Rg3 {[%emt 0:00:38]} Kh7 {[%emt 0:00:06]} 17. Qd3 {[%emt 0:00:03]} Rf5 {[%emt 0:00:12]} 18. Rxg6 {[%emt 0:00:15]} Kxg6 {[%emt 0:00:14]} 19. g4 {[%emt 0:00:03]} Qd7 {[%emt 0:02:35]} 20. Ng3 {[%emt 0:00:27]} hxg4 {[%emt 0:00:03]} 21. Nxf5 {[%emt 0:00:07]} c4 {[%emt 0:00:06]} 22. Nxe7+ {[%emt 0:00:03]} Kf7 {[%emt 0:00:00]} 23. Qg6+ {[%emt 0:00:03]} Kxe7 {[%emt 0:00:11]} 24. Qxg7+ {[%emt 0:00:01]} Kd8 {[%emt 0:00:00]} 25. Qf8+ {[%emt 0:00:21]} Kc7 {[%emt 0:00:01]} 26. h5 {[%emt 0:00:27]} g3 {[%emt 0:00:15]} 27. f5 {[%emt 0:00:33]} Nc6 {[%emt 0:00:39]} 28. Qf6 {[%emt 0:00:10]} d4 {[%emt 0:00:16] Devil1234 offers a draw} 29. Bf4 {[%emt 0:00:34]} Kb6 {[%emt 0:00:08]} 30. Qe6 {[%emt 0:00:47]} Qh7 {[%emt 0:01:09]} 31. h6 {[%emt 0:00:07]} Rg8 {[%emt 0:00:10]} 32. Rf1 {[%emt 0:00:22]} Rg4 {[%emt 0:00:22]} 33. Kg2 {[%emt 0:00:25]} a5 {[%emt 0:00:05]} 34. Kf3 {[%emt 0:00:31]} Rg8 {[%emt 0:00:24]} 35. Rg1 {[%emt 0:00:13]} Ka7 {[%emt 0:00:08]} 36. Rxg3 {[%emt 0:00:05]} Rxg3+ {[%emt 0:00:02]} 37. Kxg3 {[%emt 0:00:01]} d3 {[%emt 0:00:00]} 38. cxd3 {[%emt 0:00:05]} cxd3 {[%emt 0:00:03]} 39. Be3+ {[%emt 0:00:08]} Kb8 {[%emt 0:00:05]} 40. Qg6 {[%emt 0:00:19]} Qh8 {[%emt 0:00:10]} 41. Qg7 {[%emt 0:00:06]} Qd8 {[%emt 0:00:04]} 42. Qf6 {[%emt 0:00:34]} Qg8+ {[%emt 0:00:05]} 43. Qg6 {[%emt 0:00:03]} Qh8 {[%emt 0:00:20]} 44. h7 {[%emt 0:00:04]} Qxe5+ {[%emt 0:00:01]} 45. Bf4 {[%emt 0:00:02] Devil1234 resigns (Lag: Av=0.79s, max=1.4s)} 1-0

[Event "ACP-Knockout-2020-Open R1"]
[Site "Emanuel Lasker Arena"]
[Date "2020.07.24"]
[Round "1.1"]
[White "Alex Donchenko"]
[Black "Vaisser"]
[Result "1/2-1/2"]
[WhiteElo "1697"]
[BlackElo "2561"]
[Annotator "TA"]
[PlyCount "80"]
[EventDate "2020.07.24"]
[EventType "match (blitz)"]

{[%evp 16,80,27,25,25,34,52,0,43,25,41,30,83,87,95,92,70,0,0,0,20,0,0,-106,-102,-294,-280,-283,-278,-259,-187,-125,-24,-198,66,66,66,66,65,77,123,-8,-14,-27,-25,-28,-16,-16,-21,-24,-20,-94,-87,-108,-26,-19,0,0,0,0,0,0,0,0,0,0,0]} 1. c4 f5 2. g3 Nf6 3. Bg2 d6 4. d4 g6 5. Nf3 Bg7 6. Nc3 O-O 7. O-O c6 8. Re1 Ne4 9. Qc2 Nxc3 {A88: Dutch Defence: Leningrad System: 5 Nf3 0-0 6 0-0 d6 7 Nc3 c6.} 10. bxc3 e5 {[#]} 11. Bg5 $146 ({Better is} 11. dxe5 $14 dxe5 12. Ba3) ({Predecessor:} 11. dxe5 dxe5 12. Ba3 Re8 13. Rad1 Qf6 14. e4 f4 15. Rd6 Be6 16. Bh3 Bf8 17. Rxe6 Rxe6 18. Bxe6+ Qxe6 19. Bxf8 Kxf8 {½-½ (44) Gozzoli,Y (2614)-Moussard,J (2595) Chartres 2019}) 11... Qe8 12. e4 $1 Qf7 13. c5 fxe4 (13... h6 $1 $11) 14. Rxe4 $16 Bf5 15. cxd6 {Strongly threatening Be7.} exd4 {Threatens to win with ...Qd5.} 16. Nxd4 (16. Be7 $14 Nd7 17. Bxf8 (17. Nxd4 Bxe4 18. Bxe4 Nc5 $11) 17... Rxf8 18. cxd4 (18. Nxd4 Bxe4 19. Bxe4 Nc5 $11)) 16... Bxe4 $11 17. Bxe4 Nd7 {[%cal Bb8d7,Bd7c5,Bc5e4][%mdl 32]} 18. Be7 Rfe8 19. Rb1 (19. Rd1 $11) 19... Nc5 $17 20. Nb3 $2 (20. Bg2 $17) 20... Nxe4 $19 21. Qxe4 Bf8 ({Not} 21... Bxc3 22. Nc5 $11) 22. Re1 Bxe7 23. dxe7 Rab8 (23... Rac8 $1 $17 {[%cal Rc8c7]} 24. Qe5 Qd5) 24. Na5 $2 (24. Qe5 $11 {and White is okay.}) 24... Qd5 $2 ({Black should try} 24... Rbc8 $1 $19 {...Rc7 is the strong threat.} 25. Qe5 Qd5 26. Nxb7 Qxe5 27. Rxe5 Rc7 {[%mdl 64] Double Attack}) 25. Nc4 $14 {aiming for Qxd5+.} Qxe4 26. Rxe4 {[%mdl 4096] Endgame Black must now prevent Nd6. KRR-KRN} Kf7 27. Nd6+ {[%mdl 64] Double Attack} Kf6 {[#]} 28. Nxe8+ (28. g4 $1 $16) 28... Rxe8 $16 {KR-KR} 29. Rf4+ Kxe7 30. Rh4 h5 31. g4 Rh8 32. Kg2 Kf6 33. Kg3 {[#]} (33. c4 $11 {keeps the balance.}) 33... b5 $1 $17 34. gxh5 gxh5 ({Black should play} 34... Rxh5 $17 35. Rxh5 gxh5) 35. Rd4 $11 Ke5 {The position is equal.} 36. f4+ Ke6 37. Re4+ Kf6 38. Rd4 Ke6 39. Re4+ Kf6 40. Rd4 Ke6 {Accuracy: White = 60%, Black = 68%.} 1/2-1/2

[Event "ACP-Knockout-2020-Open R1"]
[Site "Emanuel Lasker Arena"]
[Date "2020.07.24"]
[Round "1.1"]
[White "Danyuffa"]
[Black "IGaponenko"]
[Result "1-0"]
[WhiteElo "1620"]
[BlackElo "1620"]
[Annotator "NA"]
[PlyCount "113"]
[EventDate "2020.07.24"]
[EventType "match (blitz)"]

1. d4 {[%emt 0:00:03]} d5 {[%emt 0:00:03]} 2. c4 {[%emt 0:00:02]} dxc4 {[%emt 0:00:02]} 3. e3 {[%emt 0:00:01]} Nf6 {[%emt 0:00:02]} 4. Bxc4 {[%emt 0:00:01]} e6 {[%emt 0:00:01]} 5. Nf3 {[%emt 0:00:01]} c5 {[%emt 0:00:01]} 6. O-O {[%emt 0:00:01]} Nc6 {[%emt 0:00:06]} 7. Nc3 {[%emt 0:00:08]} a6 {[%emt 0:00:02]} 8. a3 {[%emt 0:00:02]} b5 {[%emt 0:00:06]} 9. Ba2 {[%emt 0:00:02]} Bb7 {[%emt 0:00:01]} 10. Qe2 {[%emt 0:00:25]} Qc7 {[%emt 0:00:12]} 11. Rd1 {[%emt 0:00:09]} Rd8 {[%emt 0:00:03]} 12. dxc5 {[%emt 0:00:22]} Rxd1+ {[%emt 0:00:12]} 13. Qxd1 {[%emt 0:00:02]} Bxc5 {[%emt 0:00:02]} 14. b4 {[%emt 0:00:20]} Be7 {[%emt 0:00:11]} 15. Bb2 {[%emt 0:00:02]} O-O {[%emt 0:00:02]} 16. Rc1 {[%emt 0:00:03]} Rd8 {[%emt 0:00:08]} 17. Qe2 {[%emt 0:00:21]} Qb8 {[%emt 0:01:11]} 18. h3 {[%emt 0:00:16]} h6 {[%emt 0:00:03]} 19. Bb1 {[%emt 0:00:09]} Ne5 {[%emt 0:01:14]} 20. Nxe5 {[%emt 0:00:45]} Qxe5 {[%emt 0:00:02]} 21. f3 {[%emt 0:01:10]} Qg5 {[%emt 0:00:55]} 22. Rd1 {[%emt 0:01:04]} Rxd1+ {[%emt 0:02:07]} 23. Nxd1 {[%emt 0:00:02]} Bd6 {[%emt 0:00:01]} 24. f4 {[%emt 0:00:27]} Qg3 {[%emt 0:00:47]} 25. Qf2 {[%emt 0:00:03]} Qxf2+ {[%emt 0:00:04]} 26. Nxf2 {[%emt 0:00:04]} Bc7 {[%emt 0:00:34]} 27. Bd4 {[%emt 0:00:15]} a5 {[%emt 0:00:46]} 28. Bd3 {[%emt 0:00:12]} axb4 {[%emt 0:00:03]} 29. axb4 {[%emt 0:00:00]} Bc6 {[%emt 0:00:20]} 30. Ng4 {[%emt 0:01:29]} Nxg4 {[%emt 0:02:25]} 31. hxg4 {[%emt 0:00:00]} f6 {[%emt 0:00:03]} 32. Bc5 {[%emt 0:00:05]} Kf7 {[%emt 0:00:03]} 33. Kf2 {[%emt 0:00:05]} g5 {[%emt 0:00:11]} 34. g3 {[%emt 0:00:10]} Bd8 {[%emt 0:00:09]} 35. Ke2 {[%emt 0:01:04]} Be7 {[%emt 0:00:05]} 36. Kd2 {[%emt 0:00:22]} e5 {[%emt 0:00:31]} 37. Kc3 {[%emt 0:00:21]} exf4 {[%emt 0:00:03]} 38. exf4 {[%emt 0:00:02]} gxf4 {[%emt 0:00:06]} 39. gxf4 {[%emt 0:00:00]} Bd8 {[%emt 0:00:03]} 40. Kd4 {[%emt 0:00:35]} Bc7 {[%emt 0:00:04]} 41. Be4 {[%emt 0:00:08]} Bd7 {[%emt 0:00:05]} 42. f5 {[%emt 0:00:33]} Kg7 {[%emt 0:00:03]} 43. Kd5 {[%emt 0:00:09]} Bf4 {[%emt 0:00:14]} 44. Bd4 {[%emt 0:00:10]} Bg5 {[%emt 0:00:07]} 45. Kd6 {[%emt 0:00:16]} Be8 {[%emt 0:00:03]} 46. Bc6 {[%emt 0:00:06]} Bxc6 {[%emt 0:00:02]} 47. Kxc6 {[%emt 0:00:02]} h5 {[%emt 0:00:01]} 48. gxh5 {[%emt 0:00:03]} Kh6 {[%emt 0:00:01]} 49. Kxb5 {[%emt 0:00:06]} Kxh5 {[%emt 0:00:01]} 50. Kc6 {[%emt 0:00:11]} Kg4 {[%emt 0:00:01]} 51. b5 {[%emt 0:00:05]} Kxf5 {[%emt 0:00:01]} 52. b6 {[%emt 0:00:06]} Ke6 {[%emt 0:00:05]} 53. b7 {[%emt 0:00:04]} Bf4 {[%emt 0:00:02]} 54. Bb6 {[%emt 0:00:08]} Bb8 {[%emt 0:00:04]} 55. Bc7 {[%emt 0:00:01]} Ba7 {[%emt 0:00:01]} 56. Kb5 {[%emt 0:00:03]} Kd7 {[%emt 0:00:03]} 57. Ka6 {[%emt 0:00:03] Time} 1-0

[Event "ACP-Knockout-2020-Open R1"]
[Site "Emanuel Lasker Arena"]
[Date "2020.07.24"]
[Round "1.1"]
[White "Evgeny_Romanov"]
[Black "Crg"]
[Result "1-0"]
[WhiteElo "1620"]
[BlackElo "2318"]
[Annotator "TA"]
[PlyCount "43"]
[EventDate "2020.07.24"]
[EventType "match (blitz)"]

{[%evp 9,43,22,30,20,16,16,26,18,36,26,87,92,93,110,91,91,176,191,235,199,198,180,207,202,188,195,625,613,630,624,554,352,332,109,29994,29995]} 1. d4 Nf6 2. c4 d6 3. Nc3 Nbd7 4. Bg5 e5 5. e3 Be7 6. Bd3 {A53: Old Indian Defence without Nf3.} O-O 7. Nge2 c6 8. O-O {White has an edge.} h6 9. Bh4 {[#]} e4 $146 (9... Re8 $11) ({Predecessor:} 9... Nh5 10. Bxe7 Qxe7 11. Ng3 Nhf6 12. Nf5 Qe6 13. d5 cxd5 14. cxd5 Nxd5 15. Nxd5 Kh8 {1-0 (25) Niklaus,T (1497)-Balhar,M (1605) Forchheim 2002}) 10. Bc2 $16 d5 11. cxd5 cxd5 12. f3 exf3 (12... b6 $16) 13. Rxf3 $18 {Hoping for Qd3.} (13. gxf3 $6 Nb6 $14) 13... Nb6 14. Qd3 (14. Bxf6 Bxf6 15. Nf4 g6 $16) 14... g6 15. Raf1 Nh5 16. Rxf7 $1 $40 {[%mdl 192] [#] Remove Defender, Decoy. White goes for the king.} Rxf7 17. Rxf7 (17. Qxg6+ Rg7 $17) 17... Kxf7 $2 (17... Bf5 18. Rxf5 gxf5) 18. Qxg6+ {[%mdl 64] Double Attack} Kf8 19. Qxh6+ (19. Qxh5 Bxh4 20. Qxh6+ Ke8 $11) 19... Ng7 20. Nf4 {White threatens Qh8+ and mate.} Bxh4 21. Ng6+ $2 (21. Qh8+ $18 Kf7 22. Bg6+ Ke7 23. Qxg7+ (23. Qxh4+ Kd7 $16) 23... Kd6 24. Qe5+ Kc6 25. e4) 21... Kf7 $2 {[%mdl 8192] [#]} (21... Ke8 $16 22. Qh8+ (22. Qxg7 Bf6 $11) 22... Kf7 23. Ne5+ Ke6 24. Qxg7 Qf6 25. Qg8+ (25. Qg4+ Ke7 $14) 25... Ke7 26. Qh7+ Kd8) 22. Ne5+ {White took control after the opening. Accuracy: White = 87%, Black = 40%.} ({Stronger than} 22. Nxh4 Qf6 $19) 1-0

[Event "ACP-Knockout-2020-Open R1"]
[Site "Emanuel Lasker Arena"]
[Date "2020.07.24"]
[Round "1.1"]
[White "GMIvanSalgado"]
[Black "Dosto07"]
[Result "0-1"]
[WhiteElo "1620"]
[BlackElo "1620"]
[Annotator "NA"]
[PlyCount "22"]
[EventDate "2020.07.24"]
[EventType "match (blitz)"]

1. Nc3 {[%emt 0:00:10]} e5 {[%emt 0:00:35]} 2. d4 {[%emt 0:00:03]} exd4 {[%emt 0:00:04]} 3. Qxd4 {[%emt 0:00:01]} Nc6 {[%emt 0:00:01]} 4. Qe3+ {[%emt 0:00:01]} Be7 {[%emt 0:00:55]} 5. Nd5 {[%emt 0:00:03]} d6 {[%emt 0:00:14]} 6. Nh3 {[%emt 0:00:03]} Be6 {[%emt 0:01:27]} 7. Nhf4 {[%emt 0:00:04]} Qd7 {[%emt 0:00:53]} 8. g3 {[%emt 0:00:04]} Nf6 {[%emt 0:01:28] GMIvanSalgado reconnected.} 9. Nxf6+ {[%emt 0:09:32]} Bxf6 {[%emt 0:00:07]} 10. Nxe6 {[%emt 0:00:04]} Qxe6 {[%emt 0:00:28]} 11. c3 {[%emt 0:00:04]} O-O-O {[%emt 0:00:40] GMIvanSalgado reconnected. Time} 0-1

[Event "ACP-Knockout-2020-Open R1"]
[Site "Emanuel Lasker Arena"]
[Date "2020.07.24"]
[Round "1.2"]
[White "Vaisser"]
[Black "Alex Donchenko"]
[Result "0-1"]
[WhiteElo "2544"]
[BlackElo "1771"]
[Annotator "TA"]
[PlyCount "100"]
[EventDate "2020.07.24"]
[EventType "match (blitz)"]

{[%evp 9,100,20,16,20,20,26,21,18,17,17,16,12,28,32,26,-10,12,0,45,0,0,0,30,29,29,0,10,16,13,-62,-38,-93,-93,-110,-71,-82,-84,-88,-88,-81,-25,-35,0,0,25,-16,0,-102,-79,-165,-169,-157,-124,-187,-188,-227,-221,-220,-153,-145,-145,-375,-369,-502,-495,-510,-382,-383,-361,-366,-366,-361,-356,-396,-391,-670,-664,-1261,-1214,-1188,-1120,-29991,-1344,-1344,-1328,-1328,-736,-1048,-847,-969,-968,-960,-948]} 1. d4 d5 2. c4 e6 3. Nc3 a6 4. cxd5 exd5 5. Bf4 Nf6 6. e3 {D31: Queen's Gambit Declined: Semi-Slav without ...Nf6 (+ Marshall Gambit and Noteboom) and Exchange Variation lines without ...Nf6.} Bd6 7. Bxd6 Qxd6 8. Nf3 {The position is equal.} O-O 9. Bd3 Bg4 10. h3 Bh5 11. g4 Bg6 12. Ne5 (12. g5 $5 {[%cal Rg5f6]} Nfd7 13. Bxg6 fxg6 14. Ne5 $11) 12... Bxd3 13. Qxd3 {[#]} Nfd7 $146 ({Predecessor:} 13... Nbd7 14. g5 Ne4 15. Nxe4 dxe4 16. Qxe4 Qb4+ 17. Kf1 Nxe5 18. Qxe5 Rfe8 19. Qxc7 Rac8 {1-0 (34) Voit,D (2382)-Batsiashvili,N (2528) Tbilisi 2018}) 14. f4 f6 15. Nf3 b5 16. Kf2 Nb6 17. Rac1 N8d7 18. Ne2 c5 19. f5 ({White should play} 19. dxc5 $11 Nxc5 20. Qd4) 19... Rfe8 $15 {Strongly threatening ...Nc4.} 20. b3 (20. Nf4 $15) 20... c4 $17 21. Qd2 Re4 22. Ng3 Re7 $1 23. Rhe1 Rae8 24. Qa5 Nc8 (24... Nb8 $17) 25. bxc4 $1 $11 bxc4 26. Rb1 Qc6 27. Rb4 Nd6 28. Qa4 (28. Nh5 $1 $11) 28... Nb5 29. Qc2 (29. Qa5 $17 {might work better.}) 29... Nb6 {[%cal Bd7b6,Bb6c8,Bc8d6][%mdl 32]} 30. a4 Nd6 31. a5 {[#]} (31. Qb2 $17 {was called for.} Nd7 32. a5) 31... Nbc8 $1 $19 32. Qa4 Nb5 33. Rb2 {[#]} Nxd4 $1 {[%mdl 512]} 34. Qxc6 (34. exd4 Qxa4) 34... Nxc6 35. Rd2 $2 {This costs White the game.} (35. Ree2 $17 {keeps fighting.}) 35... Nb4 36. Nf1 Nd6 37. Kg2 Ne4 38. Rde2 Nc3 39. Rd2 Nd3 40. Ra1 Rb7 41. Nd4 Reb8 42. Rc2 $2 (42. Nc6 Re8 43. Nd4) 42... Rb2 43. Kf3 Rxc2 44. Nxc2 Rb2 {aiming for ...Ne5+.} 45. Nd4 Rf2+ (45... Ne5+ $142 46. Kf4 Rf2+ 47. Kg3 Ne4+ 48. Kh4 g5+ 49. fxg6 {[#]} Rh2 $3 {[%mdl 512]} 50. gxh7+ Kxh7 51. Nf5 Ng6+ 52. Kh5 Rxh3+ 53. Nh4 Rxh4#) 46. Kg3 {Black is clearly winning.} Ne4+ 47. Kh4 c3 48. Rd1 Nec5 49. Ng3 c2 50. Nxc2 Rxc2 {Accuracy: White = 45%, Black = 71%.} 0-1

[Event "ACP-Knockout-2020-Open R1"]
[Site "Emanuel Lasker Arena"]
[Date "2020.07.24"]
[Round "1.2"]
[White "Devil1234"]
[Black "Murzin"]
[Result "0-1"]
[WhiteElo "2303"]
[BlackElo "2137"]
[Annotator "NA"]
[PlyCount "76"]
[EventDate "2020.07.24"]
[EventType "match (blitz)"]

{- Murzin, Volodar} 1. e4 {[%emt 0:00:02]} c5 {[%emt 0:00:20]} 2. Nc3 {[%emt 0:00:27]} d6 {[%emt 0:00:05]} 3. d4 {[%emt 0:00:17]} cxd4 {[%emt 0:00:02]} 4. Qxd4 {[%emt 0:00:00]} Nc6 {[%emt 0:00:12]} 5. Qd2 {[%emt 0:00:02]} Nf6 {[%emt 0:00:05]} 6. b3 {[%emt 0:00:03]} g6 {[%emt 0:00:04]} 7. Bb2 {[%emt 0:00:02]} Bg7 {[%emt 0:00:01]} 8. O-O-O {[%emt 0:00:02]} O-O {[%emt 0:00:02]} 9. f3 {[%emt 0:00:01]} a6 {[%emt 0:00:07]} 10. Kb1 {[%emt 0:00:05]} b5 {[%emt 0:00:03]} 11. g4 {[%emt 0:00:01]} Bb7 {[%emt 0:00:05]} 12. h4 {[%emt 0:00:39]} Rc8 {[%emt 0:00:07]} 13. h5 {[%emt 0:00:18]} Ne5 {[%emt 0:00:03]} 14. Nd5 {[%emt 0:01:50]} Bxd5 {[%emt 0:00:12]} 15. exd5 {[%emt 0:00:00]} Rc5 {[%emt 0:00:00]} 16. Qh2 {[%emt 0:00:44]} Qa8 {[%emt 0:00:11]} 17. hxg6 {[%emt 0:00:37]} fxg6 {[%emt 0:00:07]} 18. g5 {[%emt 0:00:07]} Nxd5 {[%emt 0:00:26]} 19. f4 {[%emt 0:00:52]} Rxf4 {[%emt 0:00:46]} 20. Bg2 {[%emt 0:00:22]} Rf2 {[%emt 0:00:12]} 21. Ne2 {[%emt 0:01:53]} Nc3+ {[%emt 0:01:22]} 22. Nxc3 {[%emt 0:00:08]} Qxg2 {[%emt 0:00:02]} 23. Qxh7+ {[%emt 0:00:01]} Kf8 {[%emt 0:00:12]} 24. Rc1 {[%emt 0:02:21]} b4 {[%emt 0:00:27]} 25. Rhg1 {[%emt 0:00:05]} Qf3 {[%emt 0:00:25]} 26. Na4 {[%emt 0:00:06]} Rcxc2 {[%emt 0:00:52]} 27. Rxc2 {[%emt 0:00:20]} Rxc2 {[%emt 0:00:03]} 28. Bxe5 {[%emt 0:00:43]} Bxe5 {[%emt 0:00:09]} 29. Qxg6 {[%emt 0:00:01] Devil1234 offers a draw} Rxa2 {[%emt 0:01:08]} 30. Kxa2 {[%emt 0:00:20]} Qf2+ {[%emt 0:00:05]} 31. Kb1 {[%emt 0:00:00]} Qxg1+ {[%emt 0:00:01]} 32. Kc2 {[%emt 0:00:00]} Qg2+ {[%emt 0:00:13]} 33. Kd3 {[%emt 0:00:02]} Qd5+ {[%emt 0:00:02]} 34. Ke2 {[%emt 0:00:02]} a5 {[%emt 0:01:01]} 35. Nb6 {[%emt 0:00:10]} Qg2+ {[%emt 0:00:06]} 36. Kd3 {[%emt 0:00:01]} Qf3+ {[%emt 0:00:23]} 37. Kc4 {[%emt 0:00:09]} Qc6+ {[%emt 0:00:07]} 38. Kd3 {[%emt 0:00:01]} Qxb6 {[%emt 0:00:04] Devil1234 resigns (Lag: Av=1.16s, max=1.8s)} 0-1